Score 0/12 Timer 05:00
0 Plays Today
Question Answer Wrong Answers
Peru is home to the largest flying bird on Earth, which is the...? Andean Condor
89.3%
Kori Bustard
2.1%
Dalmatian Pelican
2.9%
Harpy Eagle
5.1%
Which major export of Colombia is actually not native to the country? Coffee
73.2%
Bananas
16.1%
Oil
6%
Coal
4.3%
The name Argentina comes from the Latin word for what? Silver
71.2%
Gold
10.6%
Mountains
8.7%
Sun
9.4%
The largest South American lake is located on the border of Bolivia and Peru. What is the name of the lake? Lake Titicaca
60.5%
Lake Maracaibo
31.2%
Lake Valencia
5.2%
Argentino Lake
1.3%
Paraguay's third dictator waged war on Uruguay, Brazil, and Argentina in 1865. What was the name of this war? War of the Triple Alliance
54.9%
Chaco War
34%
Pacific War
7.5%
Guyana is the only South American country with which language as their official language? English
54.9%
French
35.9%
Spanish
2.5%
Latin
3.2%
Where does Brazil rank in the world in terms of population and land mass? 5
49.7%
3
16.8%
6
9%
4
24.4%
Which livestock species outnumber people four to one in Uruguay? Cattle
46.6%
Sheep
33.4%
Swine
2.5%
Goats
15.2%
Chile was the last country in the western hemisphere to legalize divorce. In which year did they do so? 2004
32.8%
2010
19.7%
1997
24.5%
2006
21.6%
The peak of what mountain in Ecuador is the worlds farthest point from the center of the Earth. Mount Chimborazo
32.7%
Mount Aconcagua
34.3%
Mount Cotopaxi
23.9%
Mount Illimani
6.2%
Which city located in Bolivia is the highest large city in the world? (Large meaning a population of more than 100,000 people.) El Alto
29%
La Paz
48.8%
Sucre
7.7%
Cochabamba
11.4%
The area of Suriname is slightly larger than the area of which U.S. state? Georgia
23%
Kansas
11.2%
Louisiana
17.5%
Maine
44.5%
Remove Ads.
Support Sporcle.
Get the best of Sporcle when you Go Orange. This ad-free experience offers more features, more stats, and more fun while also helping to support Sporcle. Thank you for becoming a member.

You're not logged in!

Compare scores with friends on all Sporcle quizzes.
OR
Log In

Sporcle TV

Today on Sporcle TV


Watch our educational content, quiz creation guides, and fun videos on Sporcle TV.

Show Comments

Extras

Top Quizzes Today


Score Distribution

Paid Content

Your Account Isn't Verified!

In order to create a playlist on Sporcle, you need to verify the email address you used during registration. Go to your Sporcle Settings to finish the process.

Report this User

Report this user for behavior that violates our Community Guidelines.

Details: